000 00554nam a22001937a 4500
005 20251108172546.0
008 250721s9999 xx 000 0 ara d
082 1 4 _aم/928.03/شرب
100 1 _aشربل، موريس حنا
245 1 0 _aموسوعة الشعراء والأدباء الأجانب /
264 1 _aبيروت :
_bجروس برس،
300 _a567 ص
650 1 7 _aالشعراء
650 1 7 _aالشعراء الإنجليز
650 1 7 _aالأدباء
650 1 7 _aالتراجم
942 _2ddc
_cREF
999 _c82481
_d82481